[Event "Oberwart op"]
[Site "Oberwart"]
[Date "1996.??.??"]
[Round "8"]
[White "Kranz, Armin"]
[Black "Hardicsay, Peter"]
[Result "0-1"]
[WhiteElo "2140"]
[BlackElo "2395"]

1.d4 Nf6 2.c4 e6 3.Nc3 Bb4 4.f3 c5 5.d5 d6 6.e4 Qe7 7.Ne2 O-O 8.a3 Ba5 9.Be3 Nbd7
10.Qd2 exd5 11.cxd5 Nb6 12.Nf4 Bd7 13.Rb1 Na4 14.Bd3 Rac8 15.O-O Rfe8 16.Bf2 h6
17.Qc2 Nxc3 18.bxc3 g5 19.Nh3 Bxh3 20.gxh3 c4 21.Qa4 Bxc3 22.Bxc4 a6 23.Rb6 Rc7
24.Rfb1 Rec8 25.Bf1 Nh5 26.Qb3 Qf6 27.Qd1 Be5 28.Be3 Rc3 29.Bd3 Nf4 30.Bxf4 Qxf4
31.R6b2 Qe3+  0-1

[Event "Polanica Zdroj op"]
[Site "Polanica Zdroj"]
[Date "1996.??.??"]
[Round "2"]
[White "Kamenets, Anatolij"]
[Black "Ptacnikova, Lenka"]
[Result "1-0"]
[WhiteElo "2340"]
[BlackElo "2185"]

1.d4 Nf6 2.c4 e6 3.Nc3 Bb4 4.f3 d5 5.a3 Be7 6.e4 dxe4 7.fxe4 e5 8.d5 O-O
9.Be2 a5 10.Nf3 Nbd7 11.Rb1 Ne8 12.b4 axb4 13.axb4 c5 14.dxc6 bxc6 15.c5 Nc7
16.O-O Ba6 17.Bxa6 Rxa6 18.Qd3 Qc8 19.Bg5 f6 20.Be3 Nb8 21.Qc4+ Qe6 22.Nd2 Ra3
23.Rfc1 Rd8 24.Qxe6+ Nxe6 25.Nc4 Ra6 26.Rd1 Rxd1+ 27.Rxd1 Kf7 28.Kf2 Nc7
29.Na5 Ke6 30.Ke2 Nd7 31.Nc4 g6 32.g4 Ra8 33.Kd3 Na6 34.Rb1 Rb8 35.Nb6 Nxb6
36.cxb6 Nxb4+ 37.Kc4 Nc2 38.Bc5 Na3+ 39.Bxa3 Bxa3 40.Na4 Bd6 41.Nc5+ Ke7
42.b7 Bxc5 43.Kxc5 Kd7 44.Kb6  1-0

[Event "Portoroz"]
[Site "Portoroz"]
[Date "1996.??.??"]
[Round "?"]
[White "Rudolph, Johannes"]
[Black "Spiel, Marianne"]
[Result "1-0"]
[WhiteElo "2160"]
[BlackElo "2145"]

1.d4 e6 2.c4 Nf6 3.Nc3 Bb4 4.f3 c5 5.d5 O-O 6.e4 exd5 7.cxd5 d6 8.Bd3 Nh5
9.Qc2 f5 10.exf5 Nd7 11.g4 Nhf6 12.Ne2 Ne5 13.O-O c4 14.Be4 Bc5+ 15.Kh1 h5
16.g5 Nxe4 17.fxe4 Nd3 18.Ng1 Nxc1 19.Qxc1 Qe8 20.Qf4 b5 21.g6 b4 22.Nce2 Qe7
23.Qf3 Rf6 24.Ng3 Kf8 25.Nxh5  1-0

[Event "Portoroz"]
[Site "Portoroz"]
[Date "1996.??.??"]
[Round "?"]
[White "Varga, Mariano"]
[Black "Brezovar, Matjaz"]
[Result "0-1"]
[WhiteElo "2275"]
[BlackElo "2110"]

1.d4 Nf6 2.c4 e6 3.Nc3 Bb4 4.f3 c5 5.d5 b5 6.e4 bxc4 7.Bxc4 exd5 8.exd5 Bxc3+
9.bxc3 d6 10.Bb5+ Bd7 11.Qe2+ Qe7 12.Bxd7+ Nbxd7 13.Qxe7+ Kxe7 14.Bg5 h6
15.Bxf6+ Nxf6 16.c4 Rab8 17.Kd1 Rb4 18.Rc1 Nd7 19.f4 Nb6 20.Nf3 Rxc4 21.Re1+ Kd7
22.Rxc4 Nxc4 23.Kc2 Nb6 24.Rd1 Re8 25.Ng1 Re4 26.g3 Ra4 27.Kb3 c4+ 28.Kb2 Ra5  0-1

[Event "Reykjavik op"]
[Site "Reykjavik"]
[Date "1996.??.??"]
[Round "7"]
[White "Halldorsson, Bragi"]
[Black "Vidarsson, Jon G"]
[Result "0-1"]
[WhiteElo "2265"]
[BlackElo "2340"]

1.d4 Nf6 2.c4 e6 3.Nc3 Bb4 4.f3 c5 5.d5 d6 6.e4 e5 7.Bd3 Bxc3+ 8.bxc3 Nh5
9.Ne2 Qf6 10.O-O Nf4 11.Be3 h5 12.Qd2 g5 13.Ng3 h4 14.Nf5 Nd7 15.Bc2 Nb6
16.Bd3 Bd7 17.Rfb1 Rb8 18.a4 Nc8 19.Rb2 Nxd3 20.Qxd3 Bxf5 21.exf5 Ne7 22.Rab1 b6
23.a5 Qxf5 24.Qxf5 Nxf5 25.Bxg5 Rg8 26.Bc1 Kd7 27.axb6 axb6 28.Rxb6 Rxb6
29.Rxb6 Ra8 30.Rb7+ Kc8 31.Rxf7 Ra1 32.Rxf5 Rxc1+ 33.Kf2 Rc2+ 34.Kf1 Rxc3
35.f4 e4 36.Rh5 Rxc4 37.Rxh4 Rd4 38.Ke2 c4 39.Rh3 Rxd5 40.Rc3 Rc5 41.Ke3 d5
42.Kd4 Rb5 43.h4 Kd7 44.Ra3 Rb3 45.Ra7+ Kc6 46.h5 Rd3+ 47.Ke5 e3 48.Ra1 e2
49.Re1 Re3+ 50.Kd4 Rd3+ 51.Ke5 Re3+ 52.Kd4 Re4+ 53.Kc3 Rxf4 54.Rh1 Rf1  0-1

[Event "Reykjavik op"]
[Site "Reykjavik"]
[Date "1996.??.??"]
[Round "9"]
[White "Halldorsson, Bragi"]
[Black "Berg, Emanuel"]
[Result "1-0"]
[WhiteElo "2265"]
[BlackElo "2180"]

1.d4 e6 2.c4 Nf6 3.Nc3 Bb4 4.f3 c5 5.d5 d6 6.e4 e5 7.Bd3 Bxc3+ 8.bxc3 Nh5
9.Ne2 O-O 10.h4 g6 11.g4 Ng7 12.Bh6 f6 13.Qd2 Rf7 14.Ng3 a6 15.O-O-O b5 16.Rdg1 Qa5
17.Bxg7 Rxg7 18.g5 fxg5 19.h5 Nd7 20.hxg6 hxg6 21.Nf5 gxf5 22.Rxg5 Nf6 23.Rxg7+ Kxg7
24.Qg5+ Kf7 25.Kd2 Ke7 26.Qg7+ Kd8 27.Rh8+ Ne8 28.Qg5+ Kc7 29.Rxe8 Qxa2+
30.Bc2 Rb8 31.Qe7+ Bd7 32.Rxb8 Kxb8 33.Qxd7 fxe4 34.Qxd6+ Kb7 35.fxe4 Qxc4
36.Qc6+ Kb8 37.Qxa6 Qf1 38.Qb6+ Ka8 39.Qxc5 Qg2+ 40.Kc1 Qh1+ 41.Kb2  1-0

[Event "EU-ch U18"]
[Site "Rimavska Sobota"]
[Date "1996.??.??"]
[Round "1"]
[White "Piceu, Tom"]
[Black "Van den Doel, Erik"]
[Result "0-1"]
[WhiteElo "2210"]
[BlackElo "2440"]

1.d4 Nf6 2.c4 e6 3.Nc3 Bb4 4.f3 d5 5.a3 Bxc3+ 6.bxc3 c5 7.e3 O-O 8.Bd3 dxc4
9.Bxc4 Qc7 10.Qd3 Rd8 11.Ne2 Nc6 12.Ba2 e5 13.O-O Be6 14.Bxe6 fxe6 15.Qc4 Qd6
16.dxc5 Qd5 17.Qxd5 Rxd5 18.e4 Rxc5 19.Rd1 h6 20.Rb1 b6 21.g4 Na5 22.g5 hxg5
23.Bxg5 Rc7 24.Rd3 Nd7 25.Be7 Re8 26.Bd6 Rb7 27.f4 exf4 28.Nxf4 e5 29.Nd5 Nf6
30.Nxf6+ gxf6 31.Rf1 Kf7 32.c4 Rd7 33.c5 bxc5 34.Rd5 Nb7 35.Bxe5 Rxd5 36.Rxf6+ Kg7
37.Re6+ Rxe5  0-1

[Event "Seefeld op"]
[Site "Seefeld"]
[Date "1996.??.??"]
[Round "?"]
[White "Dittmar, Peter"]
[Black "Martin, Stefan"]
[Result "0-1"]
[WhiteElo "2390"]
[BlackElo "2235"]

1.d4 Nf6 2.c4 e6 3.Nc3 Bb4 4.f3 d5 5.Qa4+ Nc6 6.a3 Be7 7.e3 O-O 8.f4 Bd7
9.Qc2 dxc4 10.Bxc4 Na5 11.Bd3 c5 12.dxc5 b6 13.Nf3 bxc5 14.Ne5 Rc8 15.b3 Bc6
16.O-O Bd5 17.Rb1 Qb6 18.Nc4 Bxc4 19.bxc4 Qc6 20.e4 g6 21.e5 Nd7 22.Bd2 a6
23.Ne4 Qc7 24.Qa4 Nc6 25.Qxa6 Ndb8 26.Qb7 Qd8 27.Rf3 Rc7 28.Qb2 Qd4+ 29.Qxd4 Nxd4
30.Rf2 Ra7 31.Bc1 Nbc6 32.Nc3 Rd8 33.Bf1 g5 34.fxg5 Nxe5 35.h3 Nf5 36.Ne4 Nd3
37.Bxd3 Rxd3 38.Nf6+ Kg7 39.Bb2 Nd4 40.Nh5+ Kg8 41.h4 Rb7 42.Rbf1 Bd8 43.Nf4 Re3
44.Rd1 Bc7 45.Bxd4 cxd4 46.Nh5 e5 47.Rf6 d3 48.Ra6 e4 49.Rd2 f5 50.gxf6 Re1+
51.Kf2 Rbb1 52.Ra8+ Kf7 53.Ra7 e3+ 54.Kf3 exd2 55.Rxc7+ Ke6  0-1

[Event "SLO-chT sf"]
[Site "SLO"]
[Date "1996.??.??"]
[Round "7"]
[White "Starcic, Tadej"]
[Black "Marn, A."]
[Result "1-0"]
[WhiteElo "1910"]
[BlackElo "1660"]

1.d4 Nf6 2.c4 e6 3.Nc3 Bb4 4.f3 d5 5.a3 Bxc3+ 6.bxc3 Nc6 7.cxd5 exd5 8.e3 Nb8
9.Bd3 Qe7 10.Ne2 b6 11.O-O Bb7 12.Ng3 O-O 13.Qe1 Re8 14.Nf5 Qe6 15.Bd2 Nbd7
16.g4 Kh8 17.g5 Nh5 18.Qh4 g6 19.Ng3 Nxg3 20.hxg3 f6 21.Bxg6 Re7 22.gxf6 Nxf6
23.Bd3 Rg8 24.Kf2 Rf8 25.Ke2 Rff7 26.Rh1 Bc8 27.Kd1 Qc6 28.g4 Nd7 29.Ke2 b5
30.Bxh7 Rxh7 31.Qxe7  1-0

[Event "Petrov mem"]
[Site "St Petersburg"]
[Date "1996.??.??"]
[Round "2"]
[White "Riazantsev, Alexander"]
[Black "Balashov, Yuri S"]
[Result "0-1"]
[WhiteElo "2300"]
[BlackElo "2480"]

1.d4 Nf6 2.c4 e6 3.Nc3 Bb4 4.f3 c5 5.d5 d6 6.e4 O-O 7.Bd3 Nbd7 8.Bf4 exd5
9.cxd5 Re8 10.Ne2 Ne5 11.Bxe5 Rxe5 12.O-O a6 13.a4 Bd7 14.Kh1 Re8 15.Ng3 Rc8
16.Bc4 Rb8 17.Qc2 b5 18.axb5 axb5 19.Be2 h5 20.Rfb1 h4 21.Nf1 Ba5 22.Na2 Bb6
23.b3 Qe7 24.Nc1 Ra8 25.Qb2 Nh5 26.Nd3 Qg5 27.Qd2 Qf6 28.Rxa8 Rxa8 29.f4 Qh6
30.Bxh5 Qxh5 31.Ne3 Qg6 32.Nf2 Qf6 33.Neg4 Qd4 34.Qc2 Ra1 35.h3 c4 36.Rxa1 Qxa1+
37.Kh2 cxb3 38.Qxb3 Bxg4 39.hxg4 Bxf2  0-1

[Event "Petrov mem"]
[Site "St Petersburg"]
[Date "1996.??.??"]
[Round "4"]
[White "Sakaev, Konstantin"]
[Black "Savon, Vladimir A"]
[Result "1/2-1/2"]
[WhiteElo "2560"]
[BlackElo "2435"]

1.d4 Nf6 2.c4 e6 3.Nc3 Bb4 4.f3 d5 5.a3 Bxc3+ 6.bxc3 c5 7.cxd5 Nxd5 8.dxc5 f5
9.Qc2 O-O 10.e4 fxe4 11.fxe4 Nf4 12.Be3 Nd7 13.Qd2 Qf6 14.Nf3 Ne5 15.Nxe5 Qxe5
16.Qd4 Qh5 17.e5 Nd5 18.Be2 Qg6 19.Bf3 Bd7 20.O-O Bc6 21.Bd2 Ne7 22.Bxc6 Nxc6
23.Qd7 Rf7 24.Rxf7 Qxf7 25.Qxf7+ Kxf7 26.Rb1 Rb8 27.Bf4 Ke8 28.Kf2  1/2-1/2

[Event "Rudenko mem"]
[Site "St Petersburg"]
[Date "1996.??.??"]
[Round "5"]
[White "Strutinskaya, Galina N"]
[Black "Rakitskaja, M."]
[Result "1-0"]
[WhiteElo "2335"]
[BlackElo "2100"]

1.d4 Nf6 2.c4 e6 3.Nc3 Bb4 4.f3 c5 5.d5 d6 6.e4 e5 7.Bg5 Bxc3+ 8.bxc3 h6
9.Bh4 Nbd7 10.Bd3 Nf8 11.Bf2 Ng6 12.g3 Qa5 13.Qd2 Bd7 14.Rb1 Rb8 15.h4 Kd8
16.Ne2 Kc7 17.O-O Ba4 18.Rb2 Qa6 19.Rfb1 b6 20.Nc1 Qc8 21.Bf1 Nd7 22.Nd3 Qa6
23.Ne1 Rhf8 24.Bd3 Ne7 25.Ng2 f5 26.exf5 Nxf5 27.g4 Ne7 28.f4 exf4 29.Nxf4 Rxf4
30.Qxf4 Rf8 31.Qe4 Ne5 32.Bg3 N7g6 33.Rf1 Qc8 34.Rxf8 Qxf8 35.Rf2 Qe7 36.h5 Nxd3
37.Qxd3 Nf8 38.Re2 Qg5 39.Qf5 Qxf5 40.gxf5 Nd7 41.Re7 Bc2 42.Rxg7 Bxf5 43.Kf2 Bd3
44.a3 a6 45.Ke3 Bc2 46.Bf4 Bd1 47.Rg6 Bxh5 48.Rxh6 Bg4 49.Rxd6 Kb7 50.Rh6 Bf5
51.Bg3 b5 52.cxb5 axb5 53.Rc6 c4 54.Kd4 Bh3 55.Bd6 Bg4 56.Be7 Nb6 57.Rc5 Ka6
58.Bd8 Nd7 59.Rc7 Bf5 60.a4 bxa4 61.Rxc4 Bc2 62.Rc6+ Kb5 63.Be7 Bb3 64.c4+ Ka5
65.Kc3 Nb6 66.Bd8  1-0

[Event "RUS-Cup1 Chigorin mem"]
[Site "St Petersburg"]
[Date "1996.??.??"]
[Round "8"]
[White "Volkov, Sergey"]
[Black "Rozentalis, Eduardas"]
[Result "0-1"]
[WhiteElo "2485"]
[BlackElo "2610"]

1.d4 Nf6 2.c4 e6 3.Nc3 Bb4 4.f3 d5 5.a3 Bxc3+ 6.bxc3 c6 7.a4 O-O 8.e3 b6
9.cxd5 cxd5 10.a5 Ba6 11.Bxa6 Nxa6 12.Qd3 Qc8 13.Ba3 Re8 14.Ne2 bxa5 15.Bd6 Nb8
16.e4 Nfd7 17.O-O Nb6 18.Nf4 N8d7 19.exd5 exd5 20.Rfe1 Qc6 21.Be7 a4 22.Re2 Nf8
23.Bc5 Rxe2 24.Qxe2 Ne6 25.Nd3 Nc4 26.Qa2 Nxc5 27.dxc5 a3 28.Qf2 a5 29.Qd4 Rc8
30.h3 h6 31.Kh1 Qb5 32.Kh2 Qb8+ 33.f4 Qb7 34.f5 Qb8+ 35.Kh1 a2 36.Qg1 Qg3
37.Qd1 Re8 38.Rxa2 Re3 39.Nf2 Rxc3 40.Qa1 Qe3 41.Nd1 Rc1  0-1

[Event "SUI-chT"]
[Site "SUI"]
[Date "1996.??.??"]
[Round "1"]
[White "Partos, Charles"]
[Black "Goldstern, Flip"]
[Result "1/2-1/2"]
[WhiteElo "2385"]
[BlackElo "2340"]

1.d4 Nf6 2.c4 e6 3.Nc3 Bb4 4.f3 d5 5.a3 Bxc3+ 6.bxc3 c5 7.cxd5 Nxd5 8.dxc5 Qa5
9.e4 Ne7 10.Be3 Na6 11.Qb3 Nc6 12.Bb5 O-O 13.Ne2 e5 14.O-O Be6 15.c4 Rfc8
16.Qb2 Qc7 17.Nc3 Nd4 18.Bxa6 bxa6 19.Nd5 Rab8 20.Qf2 Qxc5 21.Rfd1 Rb3 22.Bxd4 exd4
23.Qxd4 Kf8 24.Qxc5+ Rxc5 25.Rdc1 Ke8 26.Kf2 Kd7 27.g4 a5 28.Ra2 g5 29.h4 gxh4
30.Ne3 h5 31.gxh5 Rxh5 32.f4 Kc6 33.f5 Bc8 34.Rh1 Kc5 35.Kf3 Rxf5+ 36.exf5 Bb7+
37.Kf4 Bxh1 38.Rh2  1/2-1/2

[Event "SUI-chT"]
[Site "SUI"]
[Date "1996.??.??"]
[Round "9"]
[White "Partos, Charles"]
[Black "Christiansen, Larry Mark"]
[Result "0-1"]
[WhiteElo "2385"]
[BlackElo "2555"]

1.d4 Nf6 2.c4 e6 3.Nc3 Bb4 4.f3 d5 5.a3 Bxc3+ 6.bxc3 c5 7.cxd5 Nxd5 8.dxc5 Qa5
9.e4 Ne7 10.Be3 Nd7 11.Qb3 O-O 12.Bb5 Ne5 13.Rd1 a6 14.Be2 N7c6 15.f4 Nd7
16.Qc4 Qxa3 17.Nf3 Na5 18.Qb4 Qxb4 19.cxb4 Nc6 20.Rb1 Nf6 21.Nd2 Rd8 22.Kf2 e5
23.fxe5 Nxe5 24.h3 Bd7 25.Bf4 Bb5 26.Ke3 Nc6 27.Bd6 Re8 28.Bf3 Nd5+ 29.Kf2 Ndxb4
30.Kg3 Nd3 31.Be2 Ndb4 32.Bg4 Rad8 33.Rb3 Nd3 34.Rd1 Nde5 35.Re1 Nd4 36.Rc3 Nxg4
37.Kxg4 f5+ 38.Kh4 h6 39.g4 f4 40.g5 hxg5+ 41.Kxg5 Ne6+ 42.Kg4 Nxc5 43.Bxc5 Rxd2
44.Kxf4 Bc6 45.e5 Re6 46.h4 Rh2 47.Kg3 Rg2+ 48.Kh3 Kh7 49.Rg3 Rc2 50.Bf8 g6
51.h5 Bd7 52.hxg6+ Rxg6+ 53.e6 Bxe6+ 54.Rxe6 Rxe6 55.Rg7+ Kh8 56.Rxb7 Rg6
57.Bb4 Kg8 58.Rd7 Rg1 59.Kh4 Rc4+  0-1

[Event "SWE-chT 9596"]
[Site "?"]
[Date "1996.??.??"]
[Round "?"]
[White "Laveryd, Peter"]
[Black "Wedberg, Tom"]
[Result "1/2-1/2"]
[WhiteElo "2300"]
[BlackElo "2480"]

1.d4 Nf6 2.c4 e6 3.Nc3 Bb4 4.f3 d5 5.a3 Bxc3+ 6.bxc3 c5 7.cxd5 Nxd5 8.dxc5 Qa5
9.e4 Nf6 10.Be3 O-O 11.Qb3 Nfd7 12.Nh3 Qc7 13.a4 Nxc5 14.Qa3 b6 15.a5 Ba6
16.Bxa6 Nbxa6 17.axb6 axb6 18.O-O Qc6 19.Nf2 b5 20.Rfd1 Na4 21.Bd4 f6 22.Qb3 N6c5
23.Qb4 Na6 24.Qb3 N6c5 25.Qb4 Na6  1/2-1/2

[Event "SWE-chT 9596"]
[Site "?"]
[Date "1996.??.??"]
[Round "?"]
[White "Laveryd, Peter"]
[Black "Lindberg, Bengt"]
[Result "1-0"]
[WhiteElo "2300"]
[BlackElo "2355"]

1.d4 Nf6 2.c4 e6 3.Nc3 Bb4 4.f3 d5 5.a3 Bxc3+ 6.bxc3 c5 7.cxd5 Nxd5 8.dxc5 f5
9.e4 fxe4 10.Qc2 e3 11.Bd3 Nc6 12.Ne2 Qh4+ 13.g3 Qh3 14.c4 Qg2 15.Rf1 Nf6
16.Bxe3 Bd7 17.Qb2 e5 18.Rf2 Qh3 19.Nc3 O-O 20.Nd5 Rad8 21.O-O-O Be6 22.Be4 Nxe4
23.fxe4 Rxf2 24.Qxf2 Rf8 25.Qb2 Bg4 26.Rd3 Bf3 27.Nc3 Qf1+ 28.Kc2 Nd4+ 29.Bxd4 exd4
30.Rxd4 Bg4 31.Qxb7 Be6 32.Kb3 a5 33.Qe7 Bf7 34.e5 a4+ 35.Kxa4 Ra8+ 36.Kb5 Be8+
37.c6 Qf2 38.Kc5 Qb2 39.Nb5 Qf2 40.Qb7 Qf8+ 41.Kb6 Bxc6 42.Qxc6 Rb8+ 43.Ka7 Rc8
44.Qd5+ Kh8 45.e6 Qe7+ 46.Qd7 Qc5+ 47.Kb7  1-0

[Event "Toulouse"]
[Site "Toulouse"]
[Date "1996.??.??"]
[Round "3"]
[White "Eliet, Nicolas"]
[Black "Dunnington, Angus J"]
[Result "1/2-1/2"]
[WhiteElo "2380"]
[BlackElo "2450"]

1.d4 Nf6 2.c4 e6 3.Nc3 Bb4 4.f3 Nc6 5.e4 e5 6.d5 Nd4 7.Be3 Bc5 8.Bf2 c6 9.a3 d6
10.b4 Bb6 11.Na4 c5 12.Ne2 Bc7 13.Nxd4 exd4 14.Bh4 h6 15.Bd3 g5 16.Bf2 Qe7
17.O-O b6 18.Nb2 O-O 19.Bc2 Nh5 20.Qd2 Bd7 21.Rae1 Rae8 22.Ba4 Bxa4 23.Nxa4 Nf4
24.Bg3 Ng6 25.f4 gxf4 26.Bxf4 Nxf4 27.Qxf4 Qg5 28.Qxg5+ hxg5 29.Rf5 f6 30.Nb2 Kg7
31.Nd3 a6 32.Rf2 Rb8 33.Rc2 Rfe8 34.Kf2 Re7 35.Kf3 Rbe8 36.g4 Bb8 37.a4 Rc8
38.Rb1 Rh8 39.Rg1  1/2-1/2

[Event "Paks GM"]
[Site "Ungarn"]
[Date "1996.??.??"]
[Round "?"]
[White "Krizsany, Laszlo"]
[Black "Vukanovic, Sasa"]
[Result "0-1"]
[WhiteElo "2430"]
[BlackElo "2360"]

1.d4 Nf6 2.c4 e6 3.Nc3 Bb4 4.f3 c5 5.d5 d6 6.e4 Nh5 7.g3 O-O 8.Bd3 exd5 9.exd5 Re8+
10.Kf2 a6 11.Qc2 Nf6 12.Bf4 b5 13.b3 Nbd7 14.Bxd6 bxc4 15.bxc4 Qb6 16.Bf4 Bxc3
17.Qxc3 Nxd5 18.Bxh7+ Kxh7 19.cxd5 Nf6 20.Ne2 Bf5 21.Rad1 Rad8 22.d6 c4+
23.Qd4 Qc6 24.Rhe1 Bh3 25.Qc3 Nd5 26.Qc2+ Kg8 27.Rxd5 Qxd5 28.g4 g5 29.Nc3 Qd4+
30.Be3 Qxd6 31.Kg1 Qd3 32.Qc1 Rd6 33.Kf2 Rde6 34.Ne4 Rxe4 35.fxe4 Qxe4 36.Rg1 Bxg4
37.Rg3 f5 38.h3 f4 39.Rxg4 fxe3+ 40.Kg1 Qd5 41.h4 Re5 42.Rxc4 e2 43.Rc8+ Kf7
44.Rc7+ Kg6 45.Qb1+ Qe4 46.Rc6+ Kh5  0-1

[Event "Paks GM"]
[Site "Ungarn"]
[Date "1996.??.??"]
[Round "?"]
[White "Krizsany, Laszlo"]
[Black "Palkovi, Jozsef"]
[Result "1/2-1/2"]
[WhiteElo "2430"]
[BlackElo "2480"]

1.d4 Nf6 2.c4 e6 3.Nc3 Bb4 4.f3 d5 5.a3 Bxc3+ 6.bxc3 c5 7.cxd5 Nxd5 8.dxc5 Qa5
9.e4 Nf6 10.Be3 O-O 11.Qb3 Nfd7 12.a4 Qc7 13.Qa3 b6 14.cxb6 axb6 15.Ne2 Ba6
16.Kf2 Nc5 17.Bxc5 bxc5 18.c4 Nd7 19.Ng3 Ne5 20.Be2 Bxc4 21.Bxc4 Nxc4 22.Qc3 Ne5
23.Rhd1 c4 24.Kf1 Ra5 25.Ne2 Rc8 26.Nd4 Rc5 27.a5 Nd3 28.g3 Qa7 29.a6 e5
30.Nf5 g6 31.Nh6+ Kg7 32.Ng4 h5 33.Nxe5 Nxe5 34.f4 f6 35.fxe5 fxe5 36.Kg2  1/2-1/2

[Event "Villa Gesell"]
[Site "Villa Gesell"]
[Date "1996.??.??"]
[Round "7"]
[White "Soppe, Guillermo"]
[Black "Zarnicki, Pablo"]
[Result "1/2-1/2"]
[WhiteElo "2465"]
[BlackElo "2545"]

1.d4 Nf6 2.c4 e6 3.Nc3 Bb4 4.f3 d5 5.a3 Bxc3+ 6.bxc3 c5 7.cxd5 Nxd5 8.dxc5 Qa5
9.e4 Ne7 10.Be3 Nec6 11.Qb3 O-O 12.Bb5 Qc7 13.Rd1 e5 14.Ne2 Be6 15.Qa4 Na5
16.Nc1 a6 17.Be2 Nd7 18.Qb4 Rac8 19.Nd3 Nb3 20.O-O Ndxc5 21.Nxc5 Nxc5 22.Rb1 Rfd8
23.c4 Rd7  1/2-1/2

[Event "JUG-chT"]
[Site "Vrnjacka Banja"]
[Date "1996.??.??"]
[Round "?"]
[White "Peric, Slavisa"]
[Black "Zafirovski, Mite"]
[Result "1/2-1/2"]
[WhiteElo "2325"]
[BlackElo "2335"]

1.d4 Nf6 2.c4 e6 3.Nc3 Bb4 4.f3 c5 5.d5 Nh5 6.Nh3 d6 7.Nf2 e5 8.e4 Bxc3+
9.bxc3 Qe7 10.g3 Nf6 11.Bd3 h6 12.Qe2  1/2-1/2

[Event "Werfen op-A"]
[Site "Werfen"]
[Date "1996.??.??"]
[Round "3"]
[White "Malaniuk, Vladimir P"]
[Black "Mathe, Gaspar"]
[Result "1-0"]
[WhiteElo "2610"]
[BlackElo "2390"]

1.d4 Nf6 2.c4 e6 3.Nc3 Bb4 4.f3 c5 5.d5 Bxc3+ 6.bxc3 e5 7.e4 d6 8.Bd3 h6
9.Ne2 Qe7 10.h4 Nbd7 11.Rb1 Nb6 12.a4 Rb8 13.h5 Nh7 14.Ng3 O-O 15.Be3 Qd8
16.a5 Na8 17.Qa4 Nc7 18.Qa2 Ng5 19.O-O f6 20.Rb3 Qe7 21.Rfb1 Rf7 22.R3b2 Nh7
23.Bc2 Kh8 24.Ba4 Qd8 25.Bc6 Na6 26.Qa4 Nf8 27.Rb3 Kh7 28.R1b2 Re7 29.Qa1 Kg8
30.Qb1 bxc6 31.Rxb8 Nxb8 32.Rxb8 Qc7 33.Ra8 cxd5 34.cxd5 a6 35.Qb8 Bb7 36.Qxf8+  1-0

[Event "Yerevan ol (Men)"]
[Site "Yerevan"]
[Date "1996.??.??"]
[Round "6"]
[White "Ooi Chern Ee"]
[Black "Livshits, Ron"]
[Result "1-0"]
[WhiteElo "2225"]
[BlackElo "2390"]

1.d4 Nf6 2.c4 e6 3.Nc3 Bb4 4.f3 d5 5.a3 Bxc3+ 6.bxc3 c5 7.cxd5 Nxd5 8.dxc5 Qa5
9.e4 Ne7 10.Be3 O-O 11.Qb3 Nec6 12.Bb5 e5 13.Ne2 Qc7 14.O-O Be6 15.Qc2 Na5
16.f4 a6 17.Bd3 Bb3 18.Qb1 Nd7 19.Nd4 Nxc5 20.Nxb3 Naxb3 21.Ra2 Nxd3 22.Qxd3 Rfd8
23.Qc2 exf4 24.Bxf4 Qc5+ 25.Kh1 Qc4 26.Qf2 Nc5 27.Re2 Nd3 28.Qe3 Nxf4 29.Rxf4 Rd3
30.Qf2 Rd1+ 31.Re1 Rad8 32.h4 Qxc3 33.Rxd1 Rxd1+ 34.Kh2 Qe5 35.g3 f6 36.Qc2 Rd8
37.Rf5 Qe6 38.Rc5 Re8 39.Rc7 Qxe4 40.Qb3+ Kh8 41.Qxb7 Qe2+ 42.Qg2 Qd3 43.Re7 Rc8
44.Qe2 Qxe2+ 45.Rxe2 Kg8 46.Re6 a5 47.Ra6 Rc5 48.Ra7 h5 49.Kg2 Kh7 50.Kh2 Kg6
51.Kg2 Kf5 52.Rxg7 Rc2+ 53.Kh3 Ra2 54.Rh7 Kg6 55.Ra7 Rxa3 56.Kg2 Ra2+ 57.Kh3 a4
58.Ra5 a3 59.Ra6 Ra1 60.Kg2 Ra2+ 61.Kh3 Kg7 62.Ra5 Kh6 63.Ra7 f5 64.Ra6+ Kg7
65.Ra7+ Kf6 66.Ra8 Ke5 67.Ra4 Kd5 68.Ra5+ Ke4 69.Ra4+ Ke3 70.Ra5 Kf2 71.Rxf5+ Kg1
72.Rxh5 Rc2 73.Ra5 a2 74.h5 Rh2+ 75.Kg4 Rg2 76.Ra3 Kh2 77.Kh4 Kg1 78.g4 Rc2
79.h6 Rh2+ 80.Kg5  1-0

[Event "Yerevan ol (Women)"]
[Site "Yerevan"]
[Date "1996.??.??"]
[Round "9"]
[White "Galliamova, Alisa"]
[Black "Maric, Alisa"]
[Result "0-1"]
[WhiteElo "2475"]
[BlackElo "2460"]

1.d4 Nf6 2.c4 e6 3.Nc3 Bb4 4.f3 d5 5.Qa4+ Nc6 6.a3 Be7 7.e3 O-O 8.Bd3 e5
9.Nge2 exd4 10.exd4 dxc4 11.Bxc4 a6 12.Be3 Bf5 13.Qd1 b5 14.Ng3 Bg6 15.Be2 b4
16.axb4 Nxb4 17.Nge4 Nxe4 18.fxe4 f5 19.O-O fxe4 20.Rxf8+ Qxf8 21.Bc4+ Kh8
22.Qe2 Bf6 23.Bd5 Re8 24.Ra5 Qd6 25.Qd2 Qb6 26.Rc5 Be7 27.Na4 Qb8 28.Ra5 Nxd5
29.Rxd5 Qb3 30.Nc3 Bd6 31.Ra5 Qc4 32.Ra4 Bb4 33.Qe2 Qxe2 34.Nxe2 a5 35.Nc3 Bf7
36.d5 Rd8 37.Bf4 Bxd5 38.Bxc7 Rd7 39.Bxa5 Bc5+ 40.Kf1 Rf7+ 41.Ke1 Bb7 42.Bd8 Rd7
43.Bg5 h6 44.Bc1 Bg1 45.Bf4 e3 46.Nd1 Bxg2 47.Nxe3 Re7 48.Kd2 Bc6 49.Rc4 Bb5
50.Rc5 Ba6 51.h4 Rf7 52.Rc1 Bf2 53.Ra1 Bb7 54.Be5 Bxh4 55.Kd3 Bg5 56.Bd4 h5
57.Rg1 Bh6 58.Nc4 Ba6 59.b3 h4 60.Rg6 Bxc4+ 61.bxc4 Kh7 62.Rg1 Bf4 63.Bf2 h3
64.Rh1 h2 65.Bg1 Rf6 66.Ke4 Bc7 67.Bxh2 Rh6 68.Bxc7 Rxh1 69.c5 Kg6 70.Kd5 Kf7
71.Bf4 g5 72.Bxg5 Rh5 73.Kd6 Rxg5 74.c6 Ke8  0-1

[Event "Zadar op"]
[Site "Zadar"]
[Date "1996.??.??"]
[Round "?"]
[White "Bozinovic, Bogdan"]
[Black "Palac, Mladen"]
[Result "0-1"]
[WhiteElo "2265"]
[BlackElo "2545"]

1.d4 Nf6 2.c4 e6 3.Nc3 Bb4 4.f3 d5 5.a3 Bxc3+ 6.bxc3 c5 7.cxd5 Nxd5 8.dxc5 Qa5
9.e4 Nf6 10.Be3 O-O 11.Qb3 Nfd7 12.Nh3 Qc7 13.Qc4 Na6 14.c6 bxc6 15.Be2 Rb8
16.Nf2 Nb6 17.Qa2 Na4 18.Qc2 N6c5 19.Nd3 Nxd3+ 20.Bxd3 Qa5 21.O-O Rb2 22.Qc1 Ba6
23.Bxa6 Qxa6 24.c4 e5 25.f4 exf4 26.Rxf4 Rd8 27.Rg4 Qc8 28.h3 h5 29.Rg3 f6
30.Bh6 Rd7 31.e5 Qb8 32.Bf4 fxe5 33.Bh6 Qd8 34.Bg5 Qb6+ 35.Kh2 Qd4 36.Qf1 Rf7
37.Qe1 e4 38.Rd1 Qe5 39.Qe3 Nc5 40.Rd8+ Kh7 41.Bh4 Rff2 42.Qg5 Rxg2+ 43.Kh1 Qxg5
44.Rxg5 Rxg5 45.Bxg5 Ne6  0-1

[Event "Zalakaros op"]
[Site "Zalakaros"]
[Date "1996.??.??"]
[Round "2"]
[White "Krizsany, Laszlo"]
[Black "Csiszar, Zoltan"]
[Result "1-0"]
[WhiteElo "2430"]
[BlackElo "2230"]

1.d4 Nf6 2.c4 e6 3.Nc3 Bb4 4.f3 d5 5.a3 Bxc3+ 6.bxc3 c5 7.cxd5 Nxd5 8.dxc5 Qa5
9.e4 Ne7 10.Be3 O-O 11.Qb3 Na6 12.Bc4 Nc6 13.Ne2 Nxc5 14.Qb5 Na4 15.Qxa5 Nxa5
16.Bb5 Nb6 17.Rd1 Nc6 18.Kf2 e5 19.Rd6 Be6 20.Rb1 Rfc8 21.Bxb6 axb6 22.Bxc6 Rxc6
23.Rxc6 bxc6 24.Rxb6 c5 25.Rb5 Rc8 26.Ng3 f6 27.Nf1 Ra8 28.Rxc5 Rxa3 29.g4 Ra7
30.Ne3 Ra2+ 31.Kg3 Ra7 32.h4 Kf7 33.Nd5 Bd7 34.Rc7 Rxc7 35.Nxc7 Ke7 36.Nd5+ Kd6
37.h5 Bc6 38.Ne3 Ke6 39.Kf2 Bb5 40.c4 Ba6 41.Ke2 Kd6 42.Kd3 Kc5 43.Kc3 Bc8
44.Nd1 Ba6 45.Nb2 Bc8 46.Nd3+ Kc6 47.Kb4 Ba6 48.Nf2 Bc8 49.Nd1 g6 50.h6 f5
51.exf5 gxf5 52.g5 Be6 53.g6 Bg8 54.g7 Bf7 55.Nc3  1-0

[Event "Zalakaros op"]
[Site "Zalakaros"]
[Date "1996.??.??"]
[Round "6"]
[White "Krizsany, Laszlo"]
[Black "Chernyshov, Konstantin"]
[Result "1/2-1/2"]
[WhiteElo "2430"]
[BlackElo "2470"]

1.d4 Nf6 2.c4 e6 3.Nc3 Bb4 4.f3 O-O 5.e4 Ne8 6.Ne2 b6 7.Be3 Bb7 8.a3 Be7
9.Qd2 d6 10.d5 Bf6 11.Nd4 c5 12.dxc6 Nxc6 13.Nxc6 Bxc6 14.Be2 Qe7 15.O-O Nc7
16.Bf4 Rfd8 17.Rfd1  1/2-1/2

[Event "Ano Liosia op"]
[Site "Athens"]
[Date "1997.01.04"]
[Round "2"]
[White "Kaloskambis, Mihail"]
[Black "Nikolaidis, Ioannis"]
[Result "0-1"]
[WhiteElo "2165"]
[BlackElo "2490"]

1.d4 Nf6 2.c4 e6 3.Nc3 Bb4 4.f3 d5 5.e3 O-O 6.a3 Bxc3+ 7.bxc3 c5 8.Bd3 dxc4
9.Bxc4 Qc7 10.Qd3 Nc6 11.Ne2 Rd8 12.f4 e5 13.O-O exd4 14.exd4 cxd4 15.cxd4 Bg4
16.Bb2 Bxe2 17.Qxe2 Nxd4 18.Qd3 Qb6 19.Rf2 Ng4 20.Raf1 Ne6 21.Qg3 Nxf2 22.Rxf2 Rd1+
23.Bf1 Rd2 24.f5 Rxb2 25.fxe6 fxe6  0-1

[Event "Wch U20"]
[Site "Zagan"]
[Date "1997.07.21"]
[Round "7"]
[White "Karner, Christoph"]
[Black "Bratanov, Zsivko"]
[Result "1-0"]
[WhiteElo "2155"]
[BlackElo "2355"]

1.d4 Nf6 2.c4 e6 3.Nc3 Bb4 4.f3 d5 5.a3 Be7 6.e4 dxe4 7.fxe4 e5 8.d5 Ng4
9.Qf3 Bc5 10.h3 Nf2 11.Rh2 Nd3+ 12.Bxd3 Bxg1 13.Rh1 Bd4 14.Ne2 Qh4+ 15.g3 Qe7
16.Nxd4 exd4 17.Bf4 g5 18.Bd2 c5 19.Qh5 h6 20.O-O-O Nd7 21.Bc2 Ne5 22.Ba4+ Bd7
23.Bxd7+ Kxd7 24.Rhf1 f6 25.Qe2 Rae8 26.Rde1 Kc8 27.Rf5 Rhf8 28.h4 Kb8 29.Qf1 Qd7
30.hxg5 hxg5 31.Bxg5 Nxc4 32.Qxc4 fxg5 33.Rxf8 Rxf8 34.Kb1 Rc8 35.Qd3 a6
36.Rf1 Qg7 37.Rc1 Qe5 38.Ka2 b5 39.b3 Ka7 40.Rd1 Re8 41.b4 cxb4 42.Qxd4+ Kb7
43.d6 Qe6+ 44.Qd5+ Qxd5+ 45.Rxd5 bxa3 46.d7 Rd8 47.e5 Kc6 48.e6 Kxd5 49.e7 Rxd7
50.e8=Q  1-0

[Event "Wch U20 Girls"]
[Site "Zagan"]
[Date "1997.07.26"]
[Round "12"]
[White "Stumberger, Tania"]
[Black "Chapelle, Emilie"]
[Result "0-1"]
[WhiteElo "2055"]
[BlackElo "2005"]

1.d4 Nf6 2.c4 e6 3.Nc3 Bb4 4.f3 c5 5.d5 Bxc3+ 6.bxc3 d6 7.e4 Nxe4 8.fxe4 Qh4+
9.Kd2 Qxe4 10.Qe2 Qf4+ 11.Kd1 Qf6 12.Bd2 O-O 13.Qf3 Qd8 14.Bd3 Nd7 15.Qg3 Ne5
16.Bh6 Ng6 17.Bd2 exd5 18.cxd5 Ne5 19.h3 c4 20.Bc2 Qa5 21.Qh4 f5 22.Qd4 Bd7
23.Nf3 Ba4 24.Bf4 Bxc2+ 25.Kxc2 Qa4+ 26.Kd2 Nd3 27.Bxd6 Rae8 28.Ne5 Rxe5
29.Bxe5 Re8 30.Bd6 Qa6 31.Rhg1 Qxd6 32.Qxc4 Ne5 33.Qb3 Qh6+ 34.Kc2 Qg6 35.Kb2 Nd3+
36.Kb1 f4 37.d6+ Kh8 38.Qb5 Re2  0-1